La puerta de España en el Camino de Santiago / (Record no. 139468)

MARC details
000 -LEADER
campo de control de longitud fija 00526nam a2200181 i 4500
001 - NÚMERO DE CONTROL
campo de control 139468
003 - IDENTIFICADOR DE NÚMERO DE CONTROL
campo de control ES-MaACL
005 - FECHA Y HORA DE LA ÚLTIMA TRANSACCIÓN
campo de control 20230906195819.0
007 - CAMPO FIJO DE DESCRIPCIÓN FÍSICA--INFORMACIÓN GENERAL
campo de control de longitud fija t|
008 - DATOS DE LONGITUD FIJA--INFORMACIÓN GENERAL
campo de control de longitud fija 070214s1962 sp af |||| | spa d
080 ## - NÚMERO DE LA CLASIFICACIÓN DECIMAL UNIVERSAL
Número de la Clasificación Decimal Universal 914.651
100 1# - ENTRADA PRINCIPAL--NOMBRE DE PERSONA
Nombre de persona Satrústegui, José María.
9 (RLIN) 103946
245 13 - MENCIÓN DEL TÍTULO
Título La puerta de España en el Camino de Santiago /
Mención de responsabilidad, etc. José María Satrústegui.
260 ## - PUBLICACIÓN, DISTRIBUCIÓN, ETC.
Lugar de publicación, distribución, etc. Pamplona :
Nombre del editor, distribuidor, etc. Gómez,
Fecha de publicación, distribución, etc. 1962.
300 ## - DESCRIPCIÓN FÍSICA
Extensión 64 p., 2 lám. ;
Dimensiones 21 cm.
651 #4 - PUNTO DE ACCESO ADICIONAL DE MATERIA--NOMBRE GEOGRÁFICO
Nombre geográfico Camino de Santiago.
9 (RLIN) 7929
852 ## - LOCALIZACIÓN
Ubicación ES-MaACL
Número de control de estantería C-25414
Holdings
Estatus retirado Estado de pérdida Estado de daño No para préstamo Biblioteca de origen Biblioteca actual Ubicación en estantería Fecha de adquisición Fuente de adquisición Total de préstamos Signatura topográfica completa Código de barras Visto por última vez Precio de reemplazo Tipo de ítem Koha
        Biblioteca del Ateneo de Madrid Biblioteca del Ateneo de Madrid Depósito 2 17/01/2008     C-25414 1145140 23/02/2023 23/02/2023 Libro impreso